LIBRARY ONLINE CATALOGUE

Influence of marketing mix strategies on sales performance of Bixa Orellana among small scale farmers in Kwale County, Kenya / (Record no. 20687)

MARC details
000 -LEADER
fixed length control field 00619nam a22001817a 4500
008 - FIXED-LENGTH DATA ELEMENTS--GENERAL INFORMATION
fixed length control field 250306b |||||||| |||| 00| 0 eng d
040 ## - CATALOGING SOURCE
Original cataloging agency KABU
Transcribing agency KABU
050 ## - LIBRARY OF CONGRESS CALL NUMBER
Classification number The HF 5415.13
Item number .C44 2021
100 ## - MAIN ENTRY--PERSONAL NAME
Personal name Cheruiyot, David Kisa
245 ## - TITLE STATEMENT
Title Influence of marketing mix strategies on sales performance of Bixa Orellana among small scale farmers in Kwale County, Kenya /
Statement of responsibility, etc. David Kisa Cheruiyot,
260 ## - PUBLICATION, DISTRIBUTION, ETC. (IMPRINT)
Place of publication, distribution, etc. Nakuru, Kenya:
Name of publisher, distributor, etc. Kabarak University,
Date of publication, distribution, etc. 2021.
300 ## - PHYSICAL DESCRIPTION
Extent xvii, 201p.
500 ## - GENERAL NOTE
General note Unpublished Thesis
650 ## - SUBJECT ADDED ENTRY--TOPICAL TERM
Topical term or geographic name as entry element Marketing mix
700 ## - ADDED ENTRY--PERSONAL NAME
Personal name Mwaura, Peter
700 ## - ADDED ENTRY--PERSONAL NAME
Personal name Tanui, John K.
942 ## - ADDED ENTRY ELEMENTS (KOHA)
Source of classification or shelving scheme Library of Congress Classification
Koha item type Thesis, Dissertation and Projecs
Holdings
Withdrawn status Lost status Source of classification or shelving scheme Not for loan Home library Current library Date acquired Inventory number Total Checkouts Full call number Barcode Date last seen Copy number Price effective from Koha item type
    Library of Congress Classification   Kabarak, Main Campus Kabarak, Main Campus 06/03/2025 2023/029   The HF 5415.13 .C44 2021 C.1 34722 06/03/2025 C.1 06/03/2025 Thesis, Dissertation and Projecs